[Event "Women's Olympiad"]
[Site "Dresden GER"]
[Date "2008.11.13"]
[EventDate "2008.11.13"]
[Round "1"]
[Result "1-0"]
[White "Marie Sebag"]
[Black "Svetlana Petrenko"]
[WhiteElo "2533"]
[BlackElo "2285"]
[PlyCount "128"]

1. e4 c5 2. Nf3 d6 3. d4 cxd4 4. Nxd4 Nf6 5. Nc3 e5 6. Bb5+
Nbd7 7. Nf5 a6 8. Bxd7+ Qxd7 9. Ne3 Be7 10. O-O Qc6 11. Qd3
O-O 12. a4 a5 13. b3 b6 14. Ncd5 Nxd5 15. Qxd5 Bb7 16. Qxc6
Bxc6 17. f3 Rfc8 18. Bd2 Bd7 19. Rfd1 Be6 20. c4 g6 21. Bc1
Rc6 22. Ba3 f5 23. exf5 gxf5 24. Nd5 Bf8 25. Rd3 Kf7 26. Nc3
Rd8 27. Rad1 Bc8 28. Nb5 Ke6 29. f4 Be7 30. fxe5 Kxe5 31. Bb2+
Ke6 32. Nd4+ Kd7 33. Nxc6 Kxc6 34. Rh3 Bg5 35. Ba3 h6 36. Rhd3
Bf4 37. Bc1 Bxc1 38. Rxc1 Rg8 39. Rcd1 Rg6 40. Kf2 h5 41. Rg3
Rh6 42. Rg7 Be6 43. Re7 f4 44. h3 Rg6 45. Rd4 Bf5 46. Rxf4 Bc2
47. Re3 Kc5 48. Rc3 Bd1 49. Rd3 Bc2 50. Rd5+ Kc6 51. Rb5 Re6
52. Rd4 Rf6+ 53. Ke3 Rg6 54. Rd2 Bxb3 55. Kd4 Bxa4 56. Rxh5
Bb3 57. Kc3 a4 58. Rhd5 Kc7 59. g4 Rh6 60. R2d3 Re6 61. Kb4
Bc2 62. Rd2 Bb3 63. g5 Re4 64. R5d4 d5 1-0

[Event "Women's Olympiad"]
[Site "Dresden GER"]
[Date "2008.11.14"]
[EventDate "2008.11.13"]
[Round "2"]
[Result "1-0"]
[White "Zhaoqin Peng"]
[Black "Marie Sebag"]
[WhiteElo "2455"]
[BlackElo "2533"]
[PlyCount "125"]

1. d4 d5 2. c4 c6 3. Nf3 Nf6 4. Qb3 e6 5. Bg5 Be7 6. e3 Nbd7
7. Nbd2 O-O 8. Be2 b6 9. O-O Bb7 10. Rac1 Ne4 11. Bxe7 Qxe7
12. Nxe4 dxe4 13. Ne5 Nxe5 14. dxe5 c5 15. Rcd1 Rad8 16. Rxd8
Rxd8 17. Rd1 Kf8 18. g3 Qc7 19. Qc3 Rxd1+ 20. Bxd1 Ke7 21. h4
Qd7 22. Be2 Qc6 23. Kf1 Qc7 24. Ke1 Kd8 25. Qd2+ Kc8 26. Qc3
Kd8 27. Qd2+ Ke7 28. Qc3 Qc6 29. Qd2 Qc7 30. Qc3 g6 31. Bd1
Kf8 32. Be2 Kg7 33. Kf1 Bc6 34. Kg2 h5 35. Kh3 Qd8 36. b3 Qc7
37. Kg2 Kh6 38. Qa1 Qd8 39. Qc1 g5 40. hxg5+ Qxg5 41. Qd1 Qxe5
42. Qd8 Kg7 43. Qe7 a5 44. a4 Kg6 45. Qd8 Qb2 46. Qg8+ Kh6
47. Qf8+ Kg6 48. Qg8+ Kh6 49. Bd1 Qf6 50. Qf8+ Kg5 51. Qg8+
Kh6 52. Qf8+ Kg5 53. Qb8 e5 54. Qxb6 h4 55. gxh4+ Kxh4
56. Qxc5 Bd7 57. Kf1 Qg5 58. Be2 Bg4 59. Qxa5 Bf3 60. Qa8 Qg2+
61. Ke1 Bxe2 62. Qd8+ Kh3 63. Qh8+ 1-0

[Event "Women's Olympiad"]
[Site "Dresden GER"]
[Date "2008.11.16"]
[EventDate "2008.11.13"]
[Round "4"]
[Result "0-1"]
[White "Catarina Leite"]
[Black "Marie Sebag"]
[WhiteElo "2153"]
[BlackElo "2533"]
[PlyCount "52"]

1. e4 c5 2. c3 Nf6 3. e5 Nd5 4. d4 cxd4 5. Nf3 Nc6 6. Bc4 e6
7. O-O Be7 8. cxd4 d6 9. exd6 Qxd6 10. Nc3 O-O 11. Re1 a6
12. Ne4 Qd8 13. a3 b6 14. Qd3 Nf6 15. Nxf6+ Bxf6 16. d5 exd5
17. Qxd5 Bb7 18. Qh5 g6 19. Qg4 Bg7 20. h4 Qc8 21. Qf4 Nd4
22. Bd3 Nxf3+ 23. gxf3 Qh3 24. Be4 Rae8 25. Be3 Be5 26. Qg5
Bh2+ 0-1

[Event "Women's Olympiad"]
[Site "Dresden GER"]
[Date "2008.11.17"]
[EventDate "2008.11.13"]
[Round "5"]
[Result "1-0"]
[White "Marie Sebag"]
[Black "Elina Danielian"]
[WhiteElo "2533"]
[BlackElo "2513"]
[PlyCount "151"]

1. e4 e6 2. d4 d5 3. Nd2 c5 4. exd5 exd5 5. Ngf3 Nf6 6. Bb5+
Bd7 7. Bxd7+ Nbxd7 8. O-O Be7 9. dxc5 Nxc5 10. Re1 O-O 11. Nf1
Nce4 12. Be3 Re8 13. Bd4 Qc7 14. Ne3 Bc5 15. Bxc5 Qxc5 16. Qd4
Rad8 17. Rad1 a6 18. c3 Qa5 19. Qb4 Qxb4 20. cxb4 Kf8 21. Rd3
Rd6 22. a3 Rc8 23. Red1 Rdc6 24. Nd4 Rc1 25. Nb3 Rxd1+
26. Rxd1 b6 27. g4 h6 28. h4 g6 29. g5 hxg5 30. f3 Nc3 31. Rd2
Na4 32. hxg5 Nh7 33. f4 f6 34. Nd4 fxg5 35. b3 Rc1+ 36. Rd1
Rc3 37. Nxd5 Rg3+ 38. Kf2 Nc3 39. Kxg3 gxf4+ 40. Kxf4 Nxd1
41. Kf3 a5 42. Ke2 axb4 43. axb4 Nb2 44. Kd2 g5 45. Kc2 g4
46. Kxb2 Ng5 47. Nxb6 g3 48. Ne2 g2 49. Ng1 Ke8 50. Nd5 Ne6
51. Ne3 Nf4 52. Kc3 Kd7 53. b5 Kc7 54. Kb4 Kb6 55. Nc4+ Kb7
56. b6 Ka6 57. Kc5 Nd3+ 58. Kd6 Kb7 59. Kd5 Nc1 60. b4 Nd3
61. b5 Nf4+ 62. Kd4 Ne6+ 63. Kc3 Nc5 64. Kb4 Nd3+ 65. Ka5 Nc5
66. Nd6+ Kb8 67. Nf3 Nd7 68. Nc4 Kb7 69. Ng1 Nc5 70. Nd6+ Kb8
71. b7 Kc7 72. b6+ Kb8 73. Nf3 Nd7 74. Kb5 Nxb6 75. Kc6 Ka7
76. Nc8+ 1-0

[Event "Women's Olympiad"]
[Site "Dresden GER"]
[Date "2008.11.20"]
[EventDate "2008.11.13"]
[Round "7"]
[Result "1-0"]
[White "Marie Sebag"]
[Black "Gulmira Dauletova"]
[WhiteElo "2533"]
[BlackElo "2253"]
[PlyCount "55"]

1. e4 c5 2. Nc3 Nc6 3. Bb5 Nd4 4. Bc4 e6 5. Nf3 Nf6 6. O-O a6
7. d3 d5 8. exd5 exd5 9. Nxd5 Nxd5 10. Nxd4 cxd4 11. Qh5 Be6
12. Re1 g6 13. Qxd5 Qxd5 14. Bxd5 Bb4 15. Re4 O-O-O 16. Bxe6+
fxe6 17. Bg5 Rd5 18. Bf6 Rf8 19. Bxd4 Bd6 20. g3 Kd7 21. Rae1
b5 22. c4 bxc4 23. dxc4 Ra5 24. Rd1 Ke7 25. Bc3 Raf5 26. Red4
Be5 27. Bb4+ Kf7 28. Rd7+ 1-0

[Event "Women's Olympiad"]
[Site "Dresden GER"]
[Date "2008.11.23"]
[EventDate "2008.11.13"]
[Round "10"]
[Result "1/2-1/2"]
[White "Marie Sebag"]
[Black "Zeinab Mamedjarova"]
[WhiteElo "2533"]
[BlackElo "2351"]
[PlyCount "107"]

1. e4 e5 2. Nf3 Nf6 3. Nxe5 d6 4. Nf3 Nxe4 5. Nc3 Nf6 6. d4
Be7 7. h3 O-O 8. Bd3 Re8 9. O-O Nc6 10. a3 h6 11. Re1 Bf8
12. Rxe8 Qxe8 13. Nb5 Qd8 14. c4 g6 15. Bf4 a6 16. Nc3 Bg7
17. Qd2 Qf8 18. Re1 Bd7 19. Bf1 Kh7 20. d5 Ne7 21. c5 Nc8
22. Qe3 Ne8 23. cxd6 cxd6 24. h4 Nf6 25. Bd3 Qd8 26. Bg3 Nb6
27. h5 Nxh5 28. Bxd6 Bf5 29. Be5 Bxe5 30. Nxe5 Bxd3 31. Qxd3
Qf6 32. d6 Re8 33. d7 Nxd7 34. Qxd7 Rxe5 35. Rxe5 Qxe5
36. Qxf7+ Qg7 37. Qf3 Nf6 38. g3 Qe7 39. Kg2 Kg7 40. b4 Qd7
41. a4 g5 42. b5 axb5 43. axb5 Kg6 44. Ne4 Nxe4 45. Qxe4+ Kf6
46. b6 g4 47. Qf4+ Kg6 48. Qc4 Kf6 49. Qf4+ Kg6 50. Qc4 Kf6
51. Qc5 Kg6 52. Qc4 Kf6 53. Qc5 Kg6 54. Qc6+ 1/2-1/2

[Event "Women's Olympiad"]
[Site "Dresden GER"]
[Date "2008.11.25"]
[EventDate "2008.11.13"]
[Round "11"]
[Result "0-1"]
[White "Irina Krush"]
[Black "Marie Sebag"]
[WhiteElo "2452"]
[BlackElo "2533"]
[PlyCount "112"]

1. d4 d5 2. c4 c6 3. Nf3 Nf6 4. Nc3 e6 5. Bg5 h6 6. Bh4 dxc4
7. e4 g5 8. Bg3 b5 9. Ne5 h5 10. h4 g4 11. Be2 Bb7 12. O-O
Nbd7 13. Qc2 Nxe5 14. Bxe5 Bg7 15. b3 cxb3 16. axb3 O-O
17. Bg3 c5 18. e5 Nd5 19. Nxb5 cxd4 20. Nd6 Rb8 21. Nxb7 Rxb7
22. Bc4 Ne7 23. Qe4 Rc7 24. Bd3 Nf5 25. Ra4 Rc3 26. Rxa7 Rxb3
27. Rc1 Qb6 28. Rcc7 Ra3 29. Rab7 Ra1+ 30. Kh2 Qa5 31. Ra7
Qxa7 32. Rxa7 Rxa7 33. Bf4 Ra2 34. Kg1 Ra5 35. g3 Rb8 36. Qe1
Rba8 37. Kg2 Ra1 38. Qb4 Ne3+ 39. Bxe3 dxe3 40. Qe4 exf2
41. Qh7+ Kf8 42. Bf1 Rd1 43. Qxh5 Raa1 44. Qg5 Kg8 45. h5 Kh7
46. h6 Bxh6 47. Qh5 Kg7 48. Qxg4+ Kf8 49. Qh4 Bg7 50. Be2
f1=Q+ 51. Bxf1 Kg8 52. Bb5 Rd2+ 53. Kf3 Ra3+ 54. Ke4 Rd5
55. Be8 Rad3 56. Bxf7+ Kf8 0-1

[Event "FIDE Women's Grand Prix"]
[Site "Instanbul TUR"]
[Date "2009.03.07"]
[EventDate "2009.03.07"]
[Round "1"]
[Result "0-1"]
[White "Marie Sebag"]
[Black "Elina Danielian"]
[WhiteElo "2529"]
[BlackElo "2496"]
[PlyCount "132"]

1. e4 c6 2. d4 d5 3. e5 Bf5 4. Nf3 e6 5. Be2 Nd7 6. O-O h6
7. Nbd2 Ne7 8. Nb3 Nc8 9. a4 a5 10. Bd2 Be7 11. c4 dxc4
12. Bxc4 O-O 13. Be2 Qb6 14. Bc3 Bb4 15. Nfd2 Bxc3 16. bxc3
Rd8 17. Bf3 Qc7 18. Qe2 Ne7 19. Rfc1 b5 20. axb5 a4 21. Nc5
Nxc5 22. dxc5 Bd3 23. Qe1 cxb5 24. Bxa8 Rxa8 25. Qe3 Rd8
26. Nf3 Nf5 27. Qf4 Qxc5 28. Qb4 Qxb4 29. cxb4 Be2 30. Rc5 g5
31. h3 Kg7 32. Ra2 Rd1+ 33. Kh2 Bxf3 34. gxf3 Nd4 35. Kg2 Rb1
36. Ra3 Rxb4 37. Rd3 Nf5 38. Rc7 Rf4 39. Ra7 Nh4+ 40. Kg3 Nf5+
41. Kg2 Nh4+ 42. Kg3 Ng6 43. Re3 Rh4 44. Ra5 Nf4 45. Kh2 Rxh3+
46. Kg1 Nd5 47. Rd3 Nf4 48. Re3 Ng6 49. Rxb5 Nh4 50. Ra5 Nxf3+
51. Kg2 g4 52. Rxa4 h5 53. Ree4 Nh4+ 54. Kg1 Rd3 55. Kf1 Ng6
56. Ra5 Rf3 57. Kg1 Kh6 58. Ra7 Rf5 59. Ra5 Kg5 60. Re3 h4
61. Re4 Rf4 62. Re2 h3 63. Rb5 Nh4 64. Kh1 Rd4 65. Rb1 Nf3
66. Rc2 Nxe5 0-1

[Event "FIDE Women's Grand Prix"]
[Site "Instanbul TUR"]
[Date "2009.03.13"]
[EventDate "2009.03.07"]
[Round "6"]
[Result "1/2-1/2"]
[White "Pia Cramling"]
[Black "Marie Sebag"]
[WhiteElo "2548"]
[BlackElo "2529"]
[PlyCount "94"]

1. d4 d5 2. c4 c6 3. Nf3 Nf6 4. Nc3 e6 5. Bg5 h6 6. Bxf6 Qxf6
7. e3 Nd7 8. Qc2 g6 9. cxd5 exd5 10. Bd3 Bg7 11. O-O O-O
12. b4 Qd6 13. Rab1 Re8 14. Rfc1 a6 15. a4 Nf8 16. b5 axb5
17. axb5 c5 18. dxc5 Qxc5 19. b6 Ne6 20. Ne2 Qxc2 21. Bxc2 Bd7
22. Bb3 Ra5 23. Rd1 Bc6 24. h3 Rea8 25. Ned4 Nxd4 26. exd4 Rb5
27. Bc2 Ra3 28. Rxb5 Bxb5 29. Ne5 Rc3 30. Rd2 h5 31. f4 Bh6
32. Rf2 Ra3 33. h4 Kg7 34. Kh2 Ba4 35. Bxa4 Rxa4 36. g3 Rxd4
37. Rc2 Rb4 38. Rc7 Rxb6 39. Nxf7 d4 40. Rd7 d3 41. Ne5+ Kg8
42. Rxd3 Bg7 43. Rd8+ Kh7 44. Rd7 Kg8 45. Rd8+ Kh7 46. Rd7 Kg8
47. Rd8+ Kh7 1/2-1/2

[Event "FIDE Women's Grand Prix"]
[Site "Instanbul TUR"]
[Date "2009.03.15"]
[EventDate "2009.03.07"]
[Round "8"]
[Result "0-1"]
[White "Martha Lorena Fierro Baquero"]
[Black "Marie Sebag"]
[WhiteElo "2403"]
[BlackElo "2529"]
[PlyCount "80"]

1. e4 c5 2. Nf3 Nc6 3. d4 cxd4 4. Nxd4 Nf6 5. Nc3 e5 6. Ndb5
d6 7. Bg5 a6 8. Na3 b5 9. Bxf6 gxf6 10. Nd5 f5 11. g3 fxe4
12. Bg2 Bg7 13. Bxe4 Be6 14. Qh5 Ne7 15. Nxe7 Kxe7 16. O-O b4
17. Bxa8 bxa3 18. Bg2 axb2 19. Rab1 Qb6 20. c4 Qd4 21. Rfd1
Qc3 22. Bd5 Bxd5 23. cxd5 Qc2 24. Qh4+ Bf6 25. Qb4 e4 26. Re1
Rc8 27. Rxe4+ Kd7 28. Ree1 Qc4 29. Qxc4 Rxc4 30. Kg2 Ra4
31. Re3 Rxa2 32. Rb3 Kc7 33. Kf3 a5 34. Ke2 a4 35. Rb5 a3
36. Kd3 Ra1 37. Kc2 a2 38. R1xb2 Bxb2 39. Rxb2 Rc1+ 40. Kxc1
a1=Q+ 0-1

[Event "FIDE Women's Grand Prix"]
[Site "Instanbul TUR"]
[Date "2009.03.17"]
[EventDate "2009.03.07"]
[Round "9"]
[Result "1/2-1/2"]
[White "Marie Sebag"]
[Black "Yifan Hou"]
[WhiteElo "2529"]
[BlackElo "2571"]
[PlyCount "177"]

1. e4 c5 2. Nf3 d6 3. d4 cxd4 4. Nxd4 Nf6 5. Nc3 e6 6. Be2 a6
7. O-O Be7 8. a4 Nc6 9. Be3 Qc7 10. f4 O-O 11. Kh1 Bd7 12. Nb3
b6 13. Bf3 Bc8 14. g4 Bb7 15. g5 Nd7 16. Bg2 Rfe8 17. Rf3 g6
18. Rh3 Nb4 19. Qd2 Nc5 20. Qf2 f5 21. gxf6 Bxf6 22. a5 Bxc3
23. Nxc5 bxc5 24. bxc3 Nc6 25. Qh4 Rab8 26. Bf3 Qe7 27. Qh6
Qg7 28. Qxg7+ Kxg7 29. Rg3 Ba8 30. Kg1 Ne7 31. Rd1 Red8 32. c4
Nc6 33. e5 dxe5 34. Rxd8 Rxd8 35. Bxc6 Bxc6 36. fxe5 Be4
37. Bxc5 Rc8 38. Be7 Rxc4 39. Bf6+ Kf7 40. Rg4 Ke8 41. c3 Kd7
42. Rf4 Kc6 43. Be7 Kd5 44. Bb4 Kxe5 45. Rf7 g5 46. Ra7 Rc6
47. Kf2 h5 48. Rb7 Kf5 49. Rg7 Kf6 50. Rd7 Ke5 51. Rg7 Kf6
52. Rd7 Rc8 53. Rd6 Bc6 54. c4 Kf5 55. Bd2 Be4 56. Rxa6 Rxc4
57. Ra7 Bd5 58. h3 Kg6 59. Rd7 Rd4 60. Be3 Rh4 61. Rd8 Rxh3
62. Rg8+ Kf5 63. Rxg5+ Ke4 64. Bb6 Kf4 65. Rg7 Rh2+ 66. Kg1
Ra2 67. Bc7+ Ke3 68. Rg3+ Bf3 69. Bb6+ Ke2 70. Rg5 Ra1+
71. Kh2 Rh1+ 72. Kg3 h4+ 73. Kf4 Bd5 74. Re5+ Kf1 75. a6 Rh2
76. Kg4 Rb2 77. Bc5 Rc2 78. Be3 Rc4+ 79. Kh3 Ra4 80. a7 Bg2+
81. Kh2 Ra2 82. Bb6 Bc6+ 83. Kh3 Ra4 84. Bc5 Bg2+ 85. Kh2 Ra6
86. Be7 Ra2 87. Bxh4 Bd5+ 88. Kh3 Bg2+ 89. Kh2 1/2-1/2

[Event "FIDE Women's Grand Prix"]
[Site "Instanbul TUR"]
[Date "2009.03.18"]
[EventDate "2009.03.07"]
[Round "10"]
[Result "0-1"]
[White "Zhao Xue"]
[Black "Marie Sebag"]
[WhiteElo "2508"]
[BlackElo "2529"]
[PlyCount "126"]

1. d4 d5 2. c4 c6 3. Nf3 Nf6 4. Nc3 e6 5. Bg5 h6 6. Bh4 dxc4
7. e4 g5 8. Bg3 b5 9. Be2 Bb7 10. Ne5 h5 11. h4 g4 12. O-O
Nbd7 13. Qc2 Nxe5 14. Bxe5 Bg7 15. Bg3 Qxd4 16. Rad1 Qc5
17. Bd6 Qb6 18. b3 cxb3 19. axb3 a6 20. Qd2 Nd7 21. b4 Rd8
22. e5 Bh6 23. Qc2 c5 24. bxc5 Nxc5 25. Nxb5 axb5 26. Qxc5
Qxc5 27. Bxc5 Bc6 28. Ra1 Rd5 29. Bd6 Bf8 30. Rfc1 Bxd6
31. exd6 Kd7 32. Ra7+ Kxd6 33. Rxf7 Ra8 34. Rb1 Ra2 35. Bf1
Rad2 36. Ra7 Rd1 37. Raa1 Rxb1 38. Rxb1 Kc5 39. Rc1+ Kb6
40. Kh2 Rc5 41. Rb1 Rc2 42. Kg3 e5 43. Re1 Rc3+ 44. f3 gxf3
45. gxf3 Rxf3+ 46. Kh2 Rf4 47. Bxb5 Bxb5 48. Rxe5 Rxh4+
49. Kg3 Rh1 50. Re6+ Bc6 51. Rh6 Kc5 52. Kf4 Rf1+ 53. Kg3 Rf5
54. Kh4 Bf3 55. Re6 Kd4 56. Kg3 Bd5 57. Re7 Re5 58. Rg7 Ke3
59. Ra7 Re4 60. Rh7 Rg4+ 61. Kh3 Rg1 62. Kh2 Kf2 63. Rf7+ Bxf7
0-1

[Event "FIDE Women's Grand Prix"]
[Site "Instanbul TUR"]
[Date "2009.03.19"]
[EventDate "2009.03.07"]
[Round "11"]
[Result "0-1"]
[White "Marie Sebag"]
[Black "Koneru Humpy"]
[WhiteElo "2529"]
[BlackElo "2621"]
[PlyCount "94"]

1. e4 e5 2. Nf3 Nc6 3. Bb5 a6 4. Ba4 Nf6 5. O-O Be7 6. Re1 b5
7. Bb3 d6 8. c3 O-O 9. h3 a5 10. d3 a4 11. Bc2 Bd7 12. Nbd2
Re8 13. Nf1 h6 14. Ng3 Bf8 15. Nh2 Ne7 16. Qf3 Ng6 17. Ng4
Nxg4 18. hxg4 Be7 19. Nf5 Bg5 20. g3 Bxc1 21. Raxc1 Qg5
22. Rcd1 Be6 23. a3 Rad8 24. Ne3 Nf8 25. d4 Nh7 26. Bd3 Bd7
27. Qe2 c6 28. d5 cxd5 29. Bxb5 Bxb5 30. Qxb5 dxe4 31. Rxd6
Ra8 32. Rd7 Nf6 33. Rb7 h5 34. Qc4 Rf8 35. gxh5 Qxh5 36. Nd5
Ng4 37. Kf1 Qh2 38. Ke2 Qxf2+ 39. Kd1 Rad8 40. Rb5 Ne3+
41. Rxe3 Qxe3 42. Kc2 Qf2+ 43. Kb1 Rfe8 44. Ka2 e3 45. Qb4
Rxd5 46. Rxd5 e2 47. Qxa4 Rb8 0-1

[Event "TOP 16 GpB"]
[Site "Chalons en Champagne FRA"]
[Date "2009.05.02"]
[EventDate "2009.04.30"]
[Round "6"]
[Result "0-1"]
[White "Mathieu Acher"]
[Black "Marie Sebag"]
[WhiteElo "2381"]
[BlackElo "2527"]
[PlyCount "148"]

1. e4 c5 2. Nf3 Nc6 3. Bb5 d6 4. O-O Bd7 5. Re1 Nf6 6. c3 a6
7. Bf1 Bg4 8. d3 e6 9. Nbd2 Bh5 10. h3 Nd7 11. a3 Be7 12. b4
O-O 13. bxc5 dxc5 14. Bb2 Nde5 15. g4 Nxf3+ 16. Nxf3 Bg6
17. d4 Qb6 18. Qd2 Na5 19. Rad1 Rfd8 20. Ba1 Qc7 21. Qe3 Nb3
22. Bb2 Bd6 23. e5 Be7 24. c4 Nxd4 25. Nxd4 cxd4 26. Bxd4 Qd7
27. Qb3 Qc8 28. Bg2 b5 29. cxb5 Bc2 30. Qe3 Bxd1 31. Bxa8 Qxa8
32. Rxd1 axb5 33. Ra1 Qd5 34. Bb6 Rc8 35. Rb1 h6 36. Qe2 Rc4
37. Rd1 Qe4 38. Qxe4 Rxe4 39. Rb1 Rxe5 40. Rb3 h5 41. Kg2 h4
42. Ba5 Rd5 43. Kf3 g5 44. Ke4 f5+ 45. gxf5 Rxf5 46. f3 Kf7
47. Bc7 Rc5 48. Be5 Rc4+ 49. Ke3 Rc5 50. Ke4 Kg6 51. Bd4 Rd5
52. Be5 Bd8 53. f4 gxf4 54. Kxf4 Bg5+ 55. Ke4 Be7 56. Kf4 Rc5
57. Ke4 Kf7 58. Bb2 Ke8 59. Bd4 Rd5 60. Bf2 Bf6 61. Kf3 Rf5+
62. Ke2 Be7 63. Bd4 Kf7 64. Be3 Kg6 65. Bd4 Rg5 66. Bf2 Re5+
67. Kf3 Kf5 68. Bd4 Rd5 69. Be3 e5 70. Bf2 Bg5 71. Rb4 e4+
72. Ke2 Be7 73. Rb3 Ke5 74. Be3 Ke6 0-1

[Event "TOP 16 GpB"]
[Site "Chalons en Champagne FRA"]
[Date "2009.05.03"]
[EventDate "2009.04.30"]
[Round "7"]
[Result "1/2-1/2"]
[White "Marie Sebag"]
[Black "Anthony Cornelis Kosten"]
[WhiteElo "2527"]
[BlackElo "2513"]
[PlyCount "45"]

1. e4 e5 2. Nf3 Nc6 3. Bb5 Nf6 4. O-O Nxe4 5. d4 Be7 6. Nxe5
Nxe5 7. dxe5 O-O 8. Nd2 Nxd2 9. Bxd2 d6 10. Bf4 dxe5 11. Bxe5
Qxd1 12. Raxd1 c6 13. Bd3 Be6 14. Rfe1 Rfe8 15. Bd4 Red8
16. Bc3 Bf8 17. a3 g6 18. h3 Bg7 19. Bxg7 Kxg7 20. Be4 Kf6
21. f3 Ke7 22. Kf2 Rxd1 23. Rxd1 1/2-1/2

[Event "TOP 16 Poule Haute"]
[Site "Le Port Marly FRA"]
[Date "2009.05.29"]
[EventDate "2009.05.28"]
[Round "9"]
[Result "1/2-1/2"]
[White "Marie Sebag"]
[Black "Vladimir Chuchelov"]
[WhiteElo "2527"]
[BlackElo "2575"]
[PlyCount "164"]

1. e4 c5 2. Nf3 e6 3. d4 cxd4 4. Nxd4 a6 5. Bd3 Nf6 6. O-O $2
Qc7 7. Qe2 d6 8. c4 g6 9. Nc3 Bg7 10. Nf3 O-O $2 11. Rd1 Nbd7
12. Bf4 Nh5 13. Be3 Bxc3 14. bxc3 e5 15. Qd2 Rd8 16. Be2 Nhf6
17. Bg5 Re8 18. Bd3 Re6 19. Bh4 Kg7 20. Bg5 Nc5 21. Bh6+ Kh8
22. Ng5 Re8 23. Bc2 Rd8 24. Nf3 Nfxe4 25. Bxe4 Nxe4 26. Qe3 f5
27. Ng5 Nxg5 28. Qxg5 Re8 29. Qf6+ Kg8 30. Rxd6 Qf7 31. Rb1
Qxf6 32. Rxf6 Rb8 33. Rxa6 Re6 34. Rab6 Kf7 35. h4 Rxb6
36. Rxb6 Bd7 37. Rd6 Bc6 38. Bg5 Ra8 39. Rf6+ Kg7 40. Re6 Re8
41. Bf6+ Kf7 42. Rxe8 Bxe8 43. Bxe5 Ke6 44. Bf4 Kd7 45. c5 Kc6
46. Be3 Kd5 47. Kh2 Bb5 48. Kg3 Bf1 49. Kf3 h5 50. Bd4 Bb5
51. Kf4 Ke6 52. f3 Bf1 53. g3 Bb5 54. a3 Ba4 55. Be5 Bb5
56. Bb8 Ba4 57. Kg5 Kf7 58. Be5 Bc6 59. Kf4 Ke6 60. Bc7 Ba4
61. c4 Bc6 62. Ke3 Kd7 63. Be5 Ke6 64. f4 Kd7 65. Kd4 Ke6
66. Kc3 Kd7 67. Kb4 Be4 68. Kb5 Bc6+ 69. Kb6 Kc8 70. Ka5 Kd7
71. a4 Kc8 72. Kb4 Kd7 73. a5 Kc8 74. Bd6 Be8 75. Kc3 Kd7
76. Kd4 Ke6 77. Bb8 Bc6 78. Be5 Be8 79. c6 Bxc6 80. Kc5 Kd7
81. Kb6 Be4 82. c5 Bc6 1/2-1/2

[Event "TOP 16 Poule Haute"]
[Site "Le Port Marly FRA"]
[Date "2009.05.30"]
[EventDate "2009.05.28"]
[Round "10"]
[Result "0-1"]
[White "Marie Sebag"]
[Black "Sebastian Bogner"]
[WhiteElo "2527"]
[BlackElo "2511"]
[PlyCount "174"]

1. e4 c5 2. Nf3 d6 3. d4 cxd4 4. Nxd4 Nf6 5. Nc3 a6 6. Bg5 e6
7. f4 Nbd7 8. Qe2 h6 9. Bh4 Qc7 10. O-O-O Be7 11. g4 g5
12. fxg5 Nh7 13. Bg3 hxg5 14. Nf5 Ne5 15. Nxe7 Kxe7 16. h4 Bd7
17. Qh2 Nf6 18. Be2 Bc6 19. Rd4 Rac8 20. Bd1 gxh4 21. Bxh4 Ng6
22. Bxf6+ Kxf6 23. Rf1+ Kg7 24. Qf2 Rcd8 25. Qf6+ Kg8 26. Be2
Qe7 27. Qxe7 Nxe7 28. e5 d5 29. Bd3 Kg7 30. Rdf4 Be8 31. Re1
Nc6 32. Nb1 d4 33. Nd2 Nb4 34. Bc4 b5 35. Bb3 Nc6 36. Nf3 a5
37. a4 d3 38. c3 b4 39. Kd2 Rh3 40. Re3 Rg3 41. Nd4 Rg2+
42. Kc1 Nxd4 43. Rxd4 Rg1+ 44. Kd2 bxc3+ 45. bxc3 Rb8 46. Bc4
Rb2+ 47. Kxd3 Bxa4 48. Rh3 Bd1 49. Ke3 Bxg4 50. Rh4 Bf5
51. Be2 Rg3+ 52. Bf3 Rc2 53. Rc4 Rg1 54. Be4 Rg3+ 55. Kf4
Rgxc3 56. Rxc3 Rxc3 57. Bxf5 exf5 58. Kxf5 Rf3+ 59. Kg4 Re3
60. Kf5 Rf3+ 61. Kg4 Rf1 62. Rh3 Rb1 63. Rc3 a4 64. Rc6 a3
65. Ra6 Ra1 66. Kf3 a2 67. Kg2 Kf8 68. Kh2 Ke7 69. Kg2 Kd7
70. Kh2 Kc7 71. Kg2 Kb7 72. Ra3 Kc6 73. Ra8 Kd5 74. Ra5+ Ke4
75. Kh2 Ke3 76. Ra3+ Kf2 77. Ra6 Kf1 78. Kg3 Ke2 79. Kg2 Kd3
80. Ra7 Kd4 81. Ra5 Kc3 82. Ra7 Kc4 83. Ra8 Kd5 84. Ra5+ Kd4
85. Kh2 Kc3 86. Kg2 Kb3 87. Rb5+ Ka4 0-1

[Event "Nanjing Women's FIDE Grand Prix"]
[Site "Nanjing CHN"]
[Date "2009.09.29"]
[EventDate "2009.09.28"]
[Round "2"]
[Result "1/2-1/2"]
[White "Marie Sebag"]
[Black "Lilit Mkrtchian"]
[WhiteElo "2519"]
[BlackElo "2468"]
[PlyCount "84"]

1. e4 c6 2. d4 d5 3. e5 Bf5 4. Nf3 e6 5. Be2 c5 6. Be3 cxd4
7. Nxd4 Ne7 8. c4 Nbc6 9. Qa4 a6 10. Nc3 dxc4 11. O-O-O Qc8
12. Nxc6 Nxc6 13. Bb6 Be7 14. f4 O-O 15. g4 Bd3 16. Bxd3 cxd3
17. Kb1 Nb4 18. h3 Qc6 19. Qxc6 bxc6 20. a3 Rab8 21. Ba7 Rb7
22. axb4 Rxa7 23. Rxd3 Bxb4 24. Ne4 f6 25. exf6 gxf6 26. Rhd1
f5 27. Ng5 Re7 28. Rd8 h6 29. Rxf8+ Kxf8 30. Rd8+ Kg7 31. Nf3
Ba5 32. Rd6 fxg4 33. hxg4 Bc7 34. Rxc6 Bxf4 35. Rxa6 Kf6
36. Nd4 Be5 37. Nc6 Rb7 38. b4 Bd6 39. Kb2 Bxb4 40. Nd8 Re7
41. Nc6 Rb7 42. Nd8 Re7 1/2-1/2

[Event "Nanjing Women's FIDE Grand Prix"]
[Site "Nanjing CHN"]
[Date "2009.09.30"]
[EventDate "2009.09.28"]
[Round "3"]
[Result "1/2-1/2"]
[White "Martha Lorena Fierro Baquero"]
[Black "Marie Sebag"]
[WhiteElo "2386"]
[BlackElo "2519"]
[PlyCount "115"]

1. e4 c5 2. Nf3 d6 3. d4 cxd4 4. Nxd4 Nf6 5. Nc3 a6 6. h3 e6
7. g4 d5 8. exd5 Nxd5 9. Nde2 Qa5 10. Bd2 Nc6 11. Bg2 Nxc3
12. Bxc3 Bb4 13. Qd2 O-O 14. Bxc6 Bxc3 15. Qxc3 Qxc3+ 16. Nxc3
bxc6 17. O-O-O c5 18. Na4 Bb7 19. Rhe1 Rac8 20. Re3 c4 21. Rc3
Rc6 22. Rd7 Ba8 23. Ra7 e5 24. b3 Rf6 25. Rxc4 Rxf2 26. Re7
Bd5 27. Rc3 e4 28. Nc5 Rd8 29. Nxe4 Rf1+ 30. Kb2 Kf8 31. Ng3
Kxe7 32. Nxf1 g6 33. Ne3 Be6 34. Ng2 Rd4 35. Re3 Kf6 36. Kc3
Rd6 37. Nf4 Kg5 38. Nxe6+ fxe6 39. Rd3 Rc6+ 40. Kd2 e5 41. Rf3
e4 42. Rf7 e3+ 43. Kd3 e2 44. Re7 Kh4 45. Rxh7+ Kg3 46. Kxe2
Rxc2+ 47. Kd3 Rxa2 48. Rg7 Kxh3 49. Rxg6 Kg3 50. Ke4 Ra3
51. g5 Rxb3 52. Rxa6 Kg4 53. g6 Kg5 54. g7 Rb8 55. Ra1 Re8+
56. Kd5 Kf6 57. Rg1 Rg8 58. Kd4 1/2-1/2

[Event "Nanjing Women's FIDE Grand Prix"]
[Site "Nanjing CHN"]
[Date "2009.10.01"]
[EventDate "2009.09.28"]
[Round "4"]
[Result "1-0"]
[White "Marie Sebag"]
[Black "Batkhuyag Munguntuul"]
[WhiteElo "2519"]
[BlackElo "2418"]
[PlyCount "192"]

1. e4 e5 2. Nf3 Nf6 3. Nxe5 d6 4. Nf3 Nxe4 5. d4 Bg4 6. Bd3
Nf6 7. O-O Be7 8. Nbd2 O-O 9. Re1 Re8 10. Nf1 Bf8 11. Rxe8
Qxe8 12. h3 Bh5 13. Ng3 Bg6 14. Bg5 Nbd7 15. Bxg6 hxg6 16. Qd3
Qe6 17. c4 d5 18. c5 b6 19. b4 bxc5 20. bxc5 Qc6 21. Rb1 a6
22. Bf4 Ne4 23. Nf1 Qa4 24. Rb2 Nexc5 25. dxc5 Qxf4 26. Qxd5
Rb8 27. Rxb8 Nxb8 28. Ne5 c6 29. Nxc6 Nxc6 30. Qxc6 Qc4
31. Qc8 Qxc5 32. Qxa6 Kh7 33. Qe2 Bd6 34. g3 f5 35. Qd2 Bc7
36. Qe3 Qc4 37. Qb3 Qd4 38. Kg2 Qe4+ 39. Qf3 Qc4 40. Qb3 Qe4+
41. Kg1 Qd4 42. Nh2 Bb6 43. Qc2 Qd5 44. Qe2 Bd8 45. Nf3 Bf6
46. h4 Kg8 47. Kg2 Kh7 48. a4 Bc3 49. Qb5 Qa8 50. h5 Qe4
51. hxg6+ Kxg6 52. a5 Bd4 53. a6 Kf6 54. Qd7 Bc5 55. a7 Qa8
56. Qc7 Bxa7 57. Qe5+ Kf7 58. Qxf5+ Kg8 59. Qe6+ Kh8 60. Qa6
Kh7 61. Qd3+ Kh8 62. Qf5 Kg8 63. Kf1 Qf8 64. Qd5+ Kh8 65. Kg2
Bb6 66. Qe6 Qf6 67. Qe8+ Kh7 68. Qb5 Kh8 69. g4 Qf4 70. Qh5+
Kg8 71. Qg6 Ba7 72. Qe6+ Qf7 73. Qe4 Qf8 74. g5 Qc5 75. Qe8+
Kh7 76. Qe4+ Kg8 77. Qh4 Qf5 78. Qg3 Kh7 79. Nh4 Qe4+ 80. Nf3
Qf5 81. Qh4+ Kg8 82. Qa4 Qc5 83. Qa2+ Kh7 84. Qe2 Qf5 85. Qc4
Kh8 86. Qc6 Qc5 87. Qa8+ Kh7 88. Qe4+ Kg8 89. Qe6+ Kh8
90. Qh3+ Kg8 91. Qg3 Qf5 92. g6 Qf6 93. Ne5 Qe6 94. Qd3 Bb6
95. Qf3 Bd8 96. Qa8 Qe8 1-0

[Event "Nanjing Women's FIDE Grand Prix"]
[Site "Nanjing CHN"]
[Date "2009.10.04"]
[EventDate "2009.09.28"]
[Round "6"]
[Result "1-0"]
[White "Marie Sebag"]
[Black "Ju Wenjun"]
[WhiteElo "2519"]
[BlackElo "2443"]
[PlyCount "79"]

1. e4 c5 2. Nf3 d6 3. d4 cxd4 4. Nxd4 Nf6 5. Nc3 a6 6. Bg5 e6
7. f4 Qb6 8. Qd3 Nc6 9. Bxf6 gxf6 10. Nb3 Bd7 11. Be2 h5
12. Rf1 O-O-O 13. O-O-O h4 14. Qh3 Kb8 15. Kb1 Bc8 16. Bg4 Qc7
17. f5 Re8 18. Nd4 Nxd4 19. Rxd4 Qc5 20. Rdd1 Qe5 21. g3 b5
22. a3 Bh6 23. gxh4 Bf4 24. Rf2 Bg5 25. h5 Qc5 26. Rff1 Qe5
27. Rf2 Bb7 28. Qd3 Rd8 29. Re2 Rhe8 30. Qh3 Bh6 31. Rf2 d5
32. exd5 exd5 33. Bf3 d4 34. Re2 Qf4 35. Rxe8 Rxe8 36. Bxb7
Kxb7 37. Qg2+ Ka7 38. Qd5 Qc7 39. Qxd4+ Kb7 40. Qxf6 1-0